آخری سوغات / (Record no. 197013)

MARC details
000 -LEADER
fixed length control field 00595nam a22001937a 4500
005 - DATE AND TIME OF LATEST TRANSACTION
control field 20230811114128.0
010 ## - LCCN (DPL NO)
LC control number UR-12110
020 ## - INTERNATIONAL STANDARD BOOK NUMBER
International Standard Book Number 9789350736067
Terms of availability 50.00
035 ## - SYSTEM CONTROL NUMBER
System control number U-10665
037 ## - SOURCE OF ACQUISITION
Source of stock number/acquisition DBAD/PUB
082 ## - DEWEY DECIMAL CLASSIFICATION NUMBER
Classification number 841
100 ## - MAIN ENTRY--PERSONAL NAME
Personal name محبوب محشر
245 ## - TITLE STATEMENT
Title آخری سوغات /
Statement of responsibility, etc محبوب محشر
246 ## - VARYING FORM OF TITLE
Title proper/short title Aakhri Saughat /
Remainder of title by Mahboob Mahshar
260 ## - PUBLICATION, DISTRIBUTION, ETC. (IMPRINT)
Place of publication, distribution, etc Delhi
Name of publisher, distributor, etc Educational Publishing House
Date of publication, distribution, etc 2015 ء
270 ## - ADDRESS
Address 3191, Vakil Street, Kucha Pandit, Lal Kuan
City Delhi
Postal code 6
300 ## - PHYSICAL DESCRIPTION
Extent 64 ص
Dimensions 23cm(Hb)
942 ## - ADDED ENTRY ELEMENTS (KOHA)
Source of classification or shelving scheme Dewey Decimal Classification
Item type Urdu Bks
Call number suffix م ح ب
Edition
Classification part 841
Holdings
Withdrawn status Lost status Not for loan Collection code Home library Current library Date acquired Source of acquisition Cost, normal purchase price Full call number Barcode Copy number Cost, replacement price Koha item type
      Non-fiction Kadipur Kadipur 11/08/2023 DBAD/PUB 50.00 841 م ح ب U-10665 1 50.00 Urdu Bks

© Delhi Public Library
Hit Counter
free hit counter